Propuesta de diseño de ecoposada Los Alpes en el parque ecológico municipal Canta Gallo del municipio de Condega, Estelí
Presenta el diseño de ecoposada los Alpes en el parque ecológico municipal Canta Gallo del municipio de Condega, Estelí, cuya base principal es la implementación de la arquitectura sustentable en donde la ecoposada es el eje primordial para la aplicación del turismo rural comunitario y turismo...
| Main Author: | |
|---|---|
| Other Authors: | |
| Format: | Tesis Section = Libro |
| Language: | Undetermined Spanish |
| Published: |
Managua
UNI
2011
|
| Subjects: |
| LEADER | 01241nam a2200253Ia 4500 | ||
|---|---|---|---|
| 008 | 240830s9999 xx 000 0 und d | ||
| 040 | |a BIBLIOTECA-RUSB/ Mon 719.3 P171 | ||
| 041 | |a spa | ||
| 082 | |a Mon 719.3 P171 | ||
| 100 | 1 | |a Palma, Roselena | |
| 245 | 1 | 0 | |a Propuesta de diseño de ecoposada Los Alpes en el parque ecológico municipal Canta Gallo del municipio de Condega, Estelí |
| 260 | |a Managua |b UNI |c 2011 | ||
| 300 | |a 166 p. :il. | ||
| 502 | |a Tesis (Arquitecto) - UNI, 2011. | ||
| 520 | 3 | |a Presenta el diseño de ecoposada los Alpes en el parque ecológico municipal Canta Gallo del municipio de Condega, Estelí, cuya base principal es la implementación de la arquitectura sustentable en donde la ecoposada es el eje primordial para la aplicación del turismo rural comunitario y turismo agroecológico en las 18 comunidades que conforman este parque ecológico. | |
| 650 | 7 | |a PARQUE PÚBLICO - CANTA GALLO | |
| 650 | 7 | |b DISEÑO - CENTRO ECOTURISTICO | |
| 650 | 7 | |c PLANIFICACIÓN DE ESPACIOS TURISTICOS | |
| 650 | 7 | |d ORDENAMIENTO AMBIENTAL | |
| 650 | 7 | |e RESERVA NATURAL - CENTRO ECOTURISTICO | |
| 700 | 1 | |a Tutor: |b Hernández Hidalgo, Heimdall Verónica | |
| 942 | |c BK |2 ddc | ||
| 991 | |a TESIS | ||
| 999 | |c 21108 | ||